| 000 | 00643nam a2200241 a 4500 | ||
|---|---|---|---|
| 001 | nice12345678 | ||
| 003 | IN_TiNIC | ||
| 005 | 20260116013734.0 | ||
| 008 | 050524s1995 alba grp 000 0 eng | ||
| 020 |
_a079144X _c1137.7 |
||
| 082 | 0 | 0 |
_a306.4408956 _bATI |
| 100 | _aAtiyeh, George N | ||
| 245 | _aBook in the Islamic World | ||
| 260 |
_aAlbany _bState University of New York _c1995 |
||
| 300 | _a305p | ||
| 500 | _aincludes index and biblioraphy | ||
| 505 | 2 | _aGlossary, Appendix and Bibliography | |
| 650 | _aCulture-Middle East | ||
| 700 | 1 | _aAtiyeh, George N | |
| 902 | _bSRS | ||
| 942 | _cBK | ||
| 999 |
_c12231 _d12231 |
||